000 00966nam a22002171i 4500
001 181132
003 ES-MaACL
005 20230906221259.0
008 121023s1909 sp |||| | spa d
100 1 _aLozano, Edmundo.
_974415
245 1 3 _aLa enseñanza elemental de la física y de la química en Inglaterra /
_cpor Edmundo Lozano.
260 _aMadrid :
_bJunta para Ampliación de Estudios e Investigaciones Científicas,
_c1909.
300 _aP. 271-285 ;
_c24 cm.
490 1 _aAnales de la Junta para Ampliación de Estudios e Investigaciones Científicas ;
_v1, memoria 7
650 _aFísica-
_xEstudio y enseñanza.
_9175912
650 _aQuímica-
_xEstudio y enseñanza.
_9175913
710 2 _aJunta para la Ampliación de Estudios e Investigaciones Científicas.
_95413
830 1 _aAnales de la Junta para Ampliación de Estudios e Investigaciones Científicas ;
_v1, memoria 7
_9186710
852 _aES-MaACL
_jB-13157(7)
999 _c181132
_d181132